| 000 | 00995nam a2200265 i 4500 | ||
|---|---|---|---|
| 001 | 163871 | ||
| 003 | ES-MaACL | ||
| 005 | 20260204132430.0 | ||
| 008 | 050720s1902 sp | |||||||| ||spa d | ||
| 080 | _a821.134.2-21"15" | ||
| 100 | 1 |
_aRojas, Fernando de, _dca. 1470-1541 _999042 |
|
| 240 | 1 | 3 | _aLa Celestina |
| 245 | 1 | 0 | _aComedia de Calisto y Melibea (Burgos, 1499). |
| 250 | _aReimp. publicada por R. Foulché-Delosc. | ||
| 260 |
_aBarcelona : _bL'Avenç ; _aMadrid : _bLibrería de M. Murillo, _c1902. |
||
| 300 |
_a179 p. ; _c18 cm. |
||
| 490 | 1 | _aBibliotheca hispánica | |
| 530 | _aDisponible en formato digital. | ||
| 700 | 1 |
_aFoulché-Delbosc, Raymond, _d1864-1929 _951941 |
|
| 830 | 1 |
_aBibliotheca hispánica _9188305 |
|
| 852 |
_aES-MaACL _jF-13556 _zEncuadernación holandesa, conservando cubierta original _cSPP2 |
||
| 856 | 4 |
_uhttp://bdh-rd.bne.es/viewer.vm?id=0000193930&page=1 _yBiblioteca Digital Hispánica |
|
| 942 | _2udc | ||
| 999 |
_c163871 _d163871 |
||